Real Wars - Sudden Death - Statistics

General Stats
  • This quiz has been taken 33 times
  • The average score is 4 of 7
Answers on the Grid
Answers color-coded by a green-red scale on the quiz's grid according to % correct below.
War of 1812
Pig War
Civil War
October Revolution
Siege of Yorktown
Battle of Goliad
Bancao Revolt
Battle of Yavin
Battle of Takodana
Great Sith War
World War 4
Taiwanese Invasion of Guangzhou
World War 3
Sicillian Independence War
 
Answer Stats
Answer % Correct
War of 1812
81%
Civil War
74%
October Revolution
74%
Siege of Yorktown
52%
Pig War
41%
Bancao Revolt
19%
Battle of Goliad
15%
No matching quizzes found
Score Distribution
Percent of People with Each Score
Percentile by Number Answered
Your Score History
You have not taken this quiz